Potenciál mestských bicyklov v Bratislave

Téma možnosti rozšírenia alternatívnej cyklistickej dopravy vo veľkých mestách, ktorou sa zaoberajú aj na Obchodnej fakulte Ekonomickej univerzity v Bratislave. Štúdia venovaná tejto téme. Porovnanie systémov mestských bicyklov v Paríži a Dubline. Mestská infraštruktúra ako najvýznamnejší faktor.

Salvato in:
Dettagli Bibliografici
Autore principale: Solan, Ján
Altri autori: Filo, Peter
Natura: Capitolo di libro
Lingua:slovacco
Soggetti:
Tags: Aggiungi Tag
Nessun Tag, puoi essere il primo ad aggiungerne!!

MARC

LEADER 00000naa a2200000 4500
001 0136312
005 20240502072527.2
041 0 |a slo 
044 |a SK 
245 1 0 |a Potenciál mestských bicyklov v Bratislave  |c Ján Solan, Peter Filo 
520 |a Téma možnosti rozšírenia alternatívnej cyklistickej dopravy vo veľkých mestách, ktorou sa zaoberajú aj na Obchodnej fakulte Ekonomickej univerzity v Bratislave. Štúdia venovaná tejto téme. Porovnanie systémov mestských bicyklov v Paríži a Dubline. Mestská infraštruktúra ako najvýznamnejší faktor. 
610 2 0 |a doprava cestná 
610 2 0 |a doprava cestná osobná 
610 2 0 |a bicykle 
610 2 0 |a mestá 
610 2 0 |a univerzity 
610 2 0 |a štúdie 
610 2 0 |a práce diplomové 
100 1 |a Solan, Ján 
700 1 |a Filo, Peter